Diseño sísmorresistente de los elementos principales de un edificio de 7 niveles a base de marcos de concreto especiales a momento ubicado en la ciudad de Managua
Presenta una descripción de un modelo a partir de requisitos en cuanto a función resistente, construcción, costo y estética en ingeniería estructural, la descripción se refiere a las características de los componentes estructurales tales como pórticos, muros de corte, conexiones y apoyos....
| Main Authors: | , |
|---|---|
| Other Authors: | |
| Format: | Tesis Section = Libro |
| Language: | Undetermined Spanish |
| Published: |
Managua
UNI
2019
|
| Subjects: |
| LEADER | 01204nam a2200265Ia 4500 | ||
|---|---|---|---|
| 008 | 240830s9999 xx 000 0 und d | ||
| 040 | |a BIBLIOTECA-RUSB/ M.Mon 693.852 L864 | ||
| 041 | |a spa | ||
| 082 | |a M.Mon 693.852 L864 | ||
| 100 | 1 | |a Méndez Rizo, Gripdia Selena | |
| 100 | 1 | |b López Vanegas, Rosa Elena | |
| 245 | 1 | 0 | |a Diseño sísmorresistente de los elementos principales de un edificio de 7 niveles a base de marcos de concreto especiales a momento ubicado en la ciudad de Managua |
| 260 | |a Managua |b UNI |c 2019 | ||
| 300 | |a 170 p. :il. | ||
| 500 | |a Contiene anexos | ||
| 502 | |a Tesis (Especialista en Obras Verticales) - UNI, 2019. | ||
| 520 | 3 | |a Presenta una descripción de un modelo a partir de requisitos en cuanto a función resistente, construcción, costo y estética en ingeniería estructural, la descripción se refiere a las características de los componentes estructurales tales como pórticos, muros de corte, conexiones y apoyos. | |
| 650 | 7 | |a INGENIERIA SISMICA | |
| 650 | 7 | |b DISEÑO DE ESTRUCTURAS | |
| 650 | 7 | |c CONSTRUCCIONES SISMORESISTENTES | |
| 650 | 7 | |d ESTRUCTURAS DE CONCRETO | |
| 700 | 1 | |a Tutor: | |
| 942 | |c BK |2 ddc | ||
| 991 | |a TESIS | ||
| 999 | |c 19538 | ||